Living with honour (Record no. 157971)

MARC details
000 -LEADER
fixed length control field 00567nam a2200205Ia 4500
003 - CONTROL NUMBER IDENTIFIER
control field OSt
005 - DATE AND TIME OF LATEST TRANSACTION
control field 20251113181840.0
008 - FIXED-LENGTH DATA ELEMENTS--GENERAL INFORMATION
fixed length control field 210423s2009 xx 000 0 und d
020 ## - INTERNATIONAL STANDARD BOOK NUMBER
International Standard Book Number 1403911029
040 ## - CATALOGING SOURCE
Transcribing agency AL
041 ## - LANGUAGE CODE
Language code of text/sound track or separate title English
082 ## - DEWEY DECIMAL CLASSIFICATION NUMBER
Classification number 370.19
Item number KHEL
100 ## - MAIN ENTRY--PERSONAL NAME
Personal name Shiv Khera
9 (RLIN) 82549
245 ## - TITLE STATEMENT
Title Living with honour
Remainder of title : whats easy to see is easy to miss
260 ## - PUBLICATION, DISTRIBUTION, ETC.
Place of publication, distribution, etc. New Delhi
Name of publisher, distributor, etc. Macmillan India Ltd
Date of publication, distribution, etc. 2009
300 ## - PHYSICAL DESCRIPTION
Extent xii,202p.
Other physical details PB
Dimensions 21.3x14cm.
365 ## - TRADE PRICE
Price amount 295
Currency code INR
906 ## - LOCAL DATA ELEMENT F, LDF (RLIN)
a easy ; honour: ; Living ; miss. ; see ; whats
942 ## - ADDED ENTRY ELEMENTS (KOHA)
Source of classification or shelving scheme Dewey Decimal Classification
Koha item type Book
Holdings
Withdrawn status Lost status Source of classification or shelving scheme Damaged status Not for loan Collection code Home library Current library Date acquired Source of acquisition Cost, normal purchase price Total Checkouts Full call number Barcode Date last seen Price effective from Koha item type
    Dewey Decimal Classification     MA English St Aloysius PG Library St Aloysius PG Library 06/15/2010 Higginbothams Pvt Ltd 295.00   370.19 KHEL PG004448 08/24/2022 04/26/2021 Book